000 01122nam0a2200325 4500
001 RU\NLR\BIBL_A\022164704
005 20240410124051.0
010 _a978-5-17-161065-4
_93000
021 _aRU
_bКН-П-24-005780
_9КН-П-24-0599
035 _a(NLR Aleph) 022164704
090 _a12933355
_c12933355
100 _a20240313d2024 u y0rusy50 ca
101 1 _arus
_ceng
102 _aRU
105 _ay z 000ay
181 0 _ai4
_baxxe
182 0 _an
200 1 _aСоседская вечеринка
_eроман
_fДжейми Дей
_gперевод с английского Клемешова Александра
203 _aТекст
_bвизуальный
_cнепосредственный
210 _aМосква
_cАСТ
_d2024 (печ. 2023)
215 _a445, [1] с.
_d21
225 1 _aОбъявлено убийство
333 _a18+
686 1 _aШ6(7США)67-446{Лх1979-60}
700 1 _aДей
_bД.
_gДжейми
_3RU\NLR\AUTH\770267023
942 _cBOOK
980 _aNB